| 000 | 00898ncm a22002415a 4500 | ||
|---|---|---|---|
| 001 | C00057514c | ||
| 005 | 20241029150436.0 | ||
| 008 | 071105s1891 ddrmtb n 1 ger d | ||
| 080 | _a785.74:787.1/.3 | ||
| 100 | 1 |
_aSchumann, Robert ( _d1810-1856) _98457 |
|
| 245 | 1 | 0 |
_aQuartett nº 2 F-dur, op. 41 _b: für 2 Violinen, Viola und Violoncell / _cvon Robert Schumann. |
| 254 | _a[Kleine Partitur]. | ||
| 260 |
_aLeipzig : _bErnst Eulenburg, _c[d.1891] |
||
| 300 |
_aPartitura (30 p.) ; _c19 cm + _eFolleto propaganda editorial. |
||
| 490 | 0 |
_aPayne's kleine Partitur Ausgabe. Kammermusik ; _v75 |
|
| 500 | _aN. pl.: 1175. | ||
| 500 | _aFecha de publicación tomada de "The new Grove dictionary of music and musicians", vol. 6, Stanley Sadie 1980. | ||
| 500 | _aLegado Pérez Casas. | ||
| 650 | 1 | 4 |
_aCuartetos de Cuerda. _96738 |
| 852 | 4 | _jM-2395 | |
| 999 |
_c54395 _d54395 |
||